Normal view
MARC view
Entry Personal Name
001 - CONTROL NUMBER
- control field: 242
003 - CONTROL NUMBER IDENTIFIER
- control field: OSt
005 - DATE AND TIME OF LATEST TRANSACTION
- control field: 20260212064920.0
008 - FIXED-LENGTH DATA ELEMENTS
- fixed length control field: 260212|| aca||aabn | a|a d
040 ## - CATALOGING SOURCE
- Original cataloging agency: OSt
- Transcribing agency: OSt
100 ## - HEADING--PERSONAL NAME
- Personal name: Po, Sarah M
670 ## - SOURCE DATA FOUND
- Source citation: Work cat.: (OSt)2511: Po, Sarah M., Fundamentals in lodging operations /, c2023